Eskimo life. By Fridtjiof Nansen. Translated by William Archer. With Illustrations
Guardat en:
| Autor principal: | |
|---|---|
| Altres autors: | |
| Format: | Llibre |
| Idioma: | anglès |
| Publicat: |
Londres
Longmans, Green, and Co.
1893
|
| Edició: | 1a. ed |
| Matèries: | |
| Etiquetes: |
Afegir etiqueta
Sense etiquetes, Sigues el primer a etiquetar aquest registre!
|
MARC
| LEADER | 00000nam a2200000 a 4500 | ||
|---|---|---|---|
| 001 | UCJ6001 | ||
| 003 | CL-VaPUC | ||
| 005 | 20250227100134.0 | ||
| 008 | 070124e18930000UK |||||||||||||||||eng|d | ||
| 999 | |c 322109 |d 322107 | ||
| 040 | |c Pontificia Universidad Católica de Valparaíso | ||
| 082 | 0 | 4 | |a 910.4 |b NAN |2 21 |
| 100 | |a Nansen, Fridtjof |e author |9 507018 | ||
| 245 | 1 | 0 | |a Eskimo life. By Fridtjiof Nansen. Translated by William Archer. With Illustrations |
| 250 | |a 1a. ed | ||
| 260 | |a Londres |b Longmans, Green, and Co. |c 1893 | ||
| 300 | |a xvi, 350 p | ||
| 500 | |a Ilustraciones conforme a lo señalado en el índice. Front., familia eskimal, fotografía | ||
| 583 | |a last modification |c 20070124 00:00:00 |k Rodrigo Vera | ||
| 650 | 0 | |a Viajes |9 257115 | |
| 650 | 0 | |a Etnografía |9 309735 | |
| 650 | 7 | |a ESQUIMALES |2 CL-VaPUC |9 441373 | |
| 650 | 0 | |a Cultura |9 269059 | |
| 650 | 0 | |a Vida social |9 337244 | |
| 650 | 0 | |a Mujeres |9 257649 | |
| 650 | 0 | |a Ética |9 255099 | |
| 650 | 0 | |a Valores |9 309628 | |
| 650 | 0 | |a Justicia |9 255408 | |
| 650 | 0 | |a Música |9 306269 | |
| 650 | 0 | |a Literatura |9 259151 | |
| 650 | 0 | |a Religión |9 255164 | |
| 650 | 0 | |a Misioneros |9 324171 | |
| 650 | 0 | |a Ilustraciones |9 369481 | |
| 651 | 7 | |a GROENLANDIA |2 CL-VaPUC |9 393402 | |
| 700 | |a Archer, William |e translation |9 872188 | ||
| 942 | |c BK |2 ddc | ||
| 945 | |d 20070124 00:00:00 |a rinostro | ||
| 952 | |0 0 |1 0 |4 0 |6 910_400000000000000_NAN_1893 |7 0 |8 X |9 401027 |a FDOBUD |b FDOBUD |d 2019-11-22 |i 1042513 |o 910.4 NAN 1893 |p 1042513 |r 2019-11-22 |w 2019-11-22 |y BK_X |k BUD | ||